| 000 | 00339nam a2200133Ia 4500 | ||
|---|---|---|---|
| 008 | 150201s2010 xx 000 0 und d | ||
| 082 |
_a611 _bA09B |
||
| 100 | _aBANSAL,RAJPAL | ||
| 245 | _aESSENTIALSL OF H. ANATOMY AND PHYSIOLOGY-I | ||
| 250 | _a1ST | ||
| 260 |
_bBIRLA PUB. _aDELHI _c2010 |
||
| 650 | _aHUMAN PHYSIOLOGY | ||
| 942 |
_2ddc _cBK _08 |
||
| 999 |
_c620 _d620 |
||